000 00694nam a2200229Ia 4500
003 GCL
008 140319s9999 xx 000 0 ara d
040 _aGCL /
_cGCL
082 0 4 _a523.1
_bج ك
100 1 _aجلال عبدالفتاح
245 1 0 _aالكون ذلك المجهول /
_cجلال عبدالفتاح
260 _aالقاهرة :
_bالهيئة المصرية العامة للكتاب ،
_c1994
300 _a211 ص
490 _aالالف كتاب الثانى
_v0
650 0 4 _aالنجوم
650 0 4 _aالفلك
650 0 4 _aالارض
650 0 4 _aالكون
650 0 4 _aالمجموعة الشمسية
650 0 4 _aالمجرات
942 _2ddc
_cBK
999 _c37511
_d37511